[Event "Campos Migjorn op"]
[Site "Campos"]
[Date "2019.09.20"]
[Round "5"]
[White "Payeras Pons, Pedro"]
[Black "Terradas Calafell, Jaume"]
[Result "0-1"]
[WhiteElo "1301"]
[BlackElo "1796"]
[PlyCount "52"]
[EventDate "2019.09.06"]
[EventType "swiss"]
[EventRounds "8"]
[EventCountry "ESP"]
[SourceTitle "EXT 2020"]
[Source "ChessBase"]
[SourceDate "2019.10.17"]
[SourceVersion "1"]
[SourceVersionDate "2019.10.17"]
[SourceQuality "1"]

1. e4 e5 2. Bc4 Nf6 3. d3 c6 4. Nf3 d5 5. Bb3 Bd6 6. exd5 cxd5 7. h3 0-0 8. 0-0 h6 9. Re1 Nc6 10. a3 Be6 11. Nbd2 Qc7 12. c4 Na5 13. cxd5 Nxb3 14. Qxb3 Bxd5 15. Qc3 Rfe8 16. Qxc7 Bxc7 17. Ne4 Nd7 18. Be3 f5 19. Nc3 Bc6 20. Nd2 f4 21. Bxa7 Rxa7 22. d4 Nb6 23. dxe5 Bxe5 24. f3 Bxc3 25. Rxe8+ Bxe8 26. Re1 Bf7 0-1

[Event "Campos Migjorn op"]
[Site "Campos"]
[Date "2019.09.14"]
[Round "4"]
[White "Terradas Calafell, Jaume"]
[Black "Rubert Alfonso, Victor"]
[Result "0-1"]
[WhiteElo "1796"]
[BlackElo "1891"]
[PlyCount "54"]
[EventDate "2019.09.06"]
[EventType "swiss"]
[EventRounds "8"]
[EventCountry "ESP"]
[SourceTitle "EXT 2020"]
[Source "ChessBase"]
[SourceDate "2019.10.17"]
[SourceVersion "1"]
[SourceVersionDate "2019.10.17"]
[SourceQuality "1"]

1. d4 Nf6 2. Nf3 g6 3. g3 Bg7 4. Bg2 0-0 5. c4 d6 6. Nc3 Nbd7 7. 0-0 c5 8. Qc2 cxd4 9. Nxd4 Ne5 10. b3 Qb6 11. Rd1 Nc6 12. Nxc6 bxc6 13. Be3 Qc7 14. Rac1 Bf5 15. Be4 Nxe4 16. Nxe4 d5 17. cxd5 Qe5 18. f3 cxd5 19. Bd4 Qxd4+ 20. Rxd4 Bxd4+ 21. Kg2 dxe4 22. Qd2 exf3+ 23. exf3 Rfd8 24. Qb4 Be3 25. Rc7 Rd2+ 26. Kf1 Bh3+ 27. Ke1 Rad8 0-1

[Event "Campos Migjorn op"]
[Site "Campos"]
[Date "2019.09.13"]
[Round "3"]
[White "Payeras Vilella, Pedro"]
[Black "Terradas Calafell, Jaume"]
[Result "0-1"]
[WhiteElo "1551"]
[BlackElo "1796"]
[PlyCount "68"]
[EventDate "2019.09.06"]
[EventType "swiss"]
[EventRounds "8"]
[EventCountry "ESP"]
[SourceTitle "EXT 2020"]
[Source "ChessBase"]
[SourceDate "2019.10.17"]
[SourceVersion "1"]
[SourceVersionDate "2019.10.17"]
[SourceQuality "1"]

1. e4 e5 2. Bc4 Nf6 3. d3 c6 4. Nf3 d5 5. Bb3 dxe4 6. Ng5 Be6 7. Bxe6 fxe6 8. Nxe4 Nxe4 9. dxe4 Qh4 10. Qe2 Nd7 11. 0-0 0-0-0 12. f3 Bc5+ 13. Be3 Bxe3+ 14. Qxe3 Nb6 15. b3 Kb8 16. Nc3 Qe7 17. Rfd1 g5 18. Rxd8+ Rxd8 19. Rd1 Rxd1+ 20. Nxd1 h6 21. Kf1 Qd6 22. Qd3 Qd4 23. Qxd4 exd4 24. Nf2 Nd7 25. g3 e5 26. f4 exf4 27. gxf4 gxf4 28. Kg2 Ne5 29. Nd3 Ng4 30. Nxf4 Kc8 31. Kf3 Nxh2+ 32. Kg3 Nf1+ 33. Kf2 Nd2 34. e5 Ne4+ 0-1

[Event "Campos Migjorn op"]
[Site "Campos"]
[Date "2016.09.24"]
[Round "6"]
[White "Ferrer Mygina, Juan"]
[Black "Terradas Calafell, Jaume"]
[Result "1-0"]
[WhiteElo "1582"]
[BlackElo "1788"]
[PlyCount "113"]
[EventDate "2016.09.09"]
[EventType "swiss"]
[EventRounds "8"]
[EventCountry "ESP"]
[SourceTitle "EXT 2017"]
[Source "ChessBase"]
[SourceDate "2016.10.25"]
[SourceVersion "1"]
[SourceVersionDate "2016.10.25"]
[SourceQuality "1"]

1. e4 e5 2. Nf3 Nf6 3. Nxe5 d6 4. Nf3 Nxe4 5. Nc3 Nf6 6. d4 Be7 7. Bd3 0-0 8. Ne2 Re8 9. 0-0 Bg4 10. Ng3 Nbd7 11. h3 Bxf3 12. Qxf3 d5 13. Nf5 Bf8 14. Qg3 g6 15. Nh6+ Bxh6 16. Bxh6 Ne4 17. Bxe4 Rxe4 18. c3 c5 19. Rfe1 cxd4 20. Rxe4 dxe4 21. cxd4 Qb6 22. Qc3 Qf6 23. Rc1 Nb6 24. Qc5 Qe6 25. Qe5 Qxe5 26. dxe5 Nd5 27. Rc4 Re8 28. Rxe4 f5 29. Re2 Kf7 30. Bd2 Ke6 31. f4 Rc8 32. Be3 Rc4 33. g3 a5 34. Kf2 b5 35. a3 b4 36. axb4 Nxb4 37. Rd2 Nd5 38. Bb6 a4 39. Ba5 Rc5 40. Bc3 Nxc3 41. bxc3 Rxc3 42. Rd6+ Ke7 43. Ra6 a3 44. Ra7+ Ke6 45. Ra6+ Ke7 46. Ra7+ Kd8 47. e6 Rc2+ 48. Ke3 a2 49. Kd3 Rg2 50. Kd4 Re2 51. Kd5 Kc8 52. Kd6 Kb8 53. Ra6 Kc8 54. Ke7 h6 55. Kf7 Kd8 56. Ra8+ Kc7 57. e7 1-0

[Event "Palmanova Blau Escacs op 1st"]
[Site "Palmanova"]
[Date "2015.04.14"]
[Round "4"]
[White "Terradas Calafell, Jaume"]
[Black "Adrian, Claude"]
[Result "1/2-1/2"]
[WhiteElo "1736"]
[BlackElo "2197"]
[PlyCount "35"]
[EventDate "2015.04.11"]
[EventType "swiss"]
[EventRounds "9"]
[EventCountry "ESP"]
[SourceTitle "CBM 166 Extra"]
[Source "ChessBase"]
[SourceDate "2015.06.18"]
[SourceVersion "1"]
[SourceVersionDate "2015.06.18"]
[SourceQuality "1"]

1. e4 c5 2. Nf3 Nc6 3. d4 cxd4 4. Nxd4 g6 5. Be2 Bg7 6. Nb3 d6 7. 0-0 Be6 8. Re1 Rc8 9. Bf1 Nf6 10. Nc3 0-0 11. Nd5 a6 12. c3 b5 13. a4 Rb8 14. axb5 axb5 15. Ra6 Bd7 16. Bg5 b4 17. Bxf6 exf6 18. Nxb4 1/2-1/2

[Event "Palma de Mallorca op U2200"]
[Site "Palma de Mallorca"]
[Date "2013.01.19"]
[Round "9"]
[White "Rodriguez Bennassar, Miquel A"]
[Black "Terradas Calafell, Jaume"]
[Result "0-1"]
[WhiteElo "1452"]
[BlackElo "1784"]
[PlyCount "28"]
[EventDate "2013.01.12"]
[EventType "swiss"]
[EventRounds "9"]
[EventCountry "ESP"]
[SourceTitle "EXT 2014"]
[Source "ChessBase"]
[SourceDate "2013.11.20"]
[SourceVersion "1"]
[SourceVersionDate "2013.11.20"]
[SourceQuality "1"]

1. d4 Nf6 2. Nf3 c5 3. g3 cxd4 4. Bg2 e5 5. Nxe5 Qa5+ 6. Bd2 Qxe5 7. 0-0 Bc5 8. Kh1 0-0 9. f4 Qh5 10. Bf3 Qf5 11. Kg2 d5 12. Kh1 Qh3 13. c3 Ne4 14. cxd4 Nxg3+ 0-1

[Event "Palma de Mallorca op U2200"]
[Site "Palma de Mallorca"]
[Date "2013.01.18"]
[Round "7"]
[White "Terradas Calafell, Jaume"]
[Black "Nadal Tur, Antonio"]
[Result "0-1"]
[WhiteElo "1784"]
[BlackElo "1706"]
[PlyCount "73"]
[EventDate "2013.01.12"]
[EventType "swiss"]
[EventRounds "9"]
[EventCountry "ESP"]
[SourceTitle "EXT 2014"]
[Source "ChessBase"]
[SourceDate "2013.11.20"]
[SourceVersion "1"]
[SourceVersionDate "2013.11.20"]
[SourceQuality "1"]

1. e4 d5 2. exd5 Qxd5 3. Nc3 Qd6 4. Bc4 Nf6 5. d4 a6 6. Nge2 b5 7. Bb3 Bb7 8. Bf4 Qd8 9. f3 e6 10. 0-0 b4 11. Na4 Nbd7 12. c3 bxc3 13. Naxc3 Nh5 14. Be3 Bd6 15. Ne4 0-0 16. Qd3 Bxe4 17. fxe4 Nc5 18. Qc2 Nxb3 19. Qxb3 Rb8 20. Qc2 Be7 21. Rac1 Bg5 22. Rf3 Bxe3+ 23. Rxe3 Qg5 24. Rc3 Nf6 25. b3 h5 26. Rg3 Qh4 27. Nc3 Rfd8 28. Qf2 Ng4 29. Qe1 Qxh2+ 30. Kf1 Qh1+ 31. Ke2 Qxe1+ 32. Rxe1 Rxd4 33. Rf3 Rbd8 34. Rd1 Rxd1 35. Nxd1 Rd4 36. Rc3 Rd7 37. Kf3 0-1

[Event "Calvia Amateur op 9th"]
[Site "Calvia"]
[Date "2012.10.14"]
[Round "9"]
[White "Crespi Lopez, Juan Josep"]
[Black "Terradas Calafell, Jaume"]
[Result "1/2-1/2"]
[WhiteElo "1941"]
[BlackElo "1733"]
[PlyCount "48"]
[EventDate "2012.10.06"]
[EventType "swiss"]
[EventRounds "9"]
[EventCountry "ESP"]
[SourceTitle "EXT 2013"]
[Source "ChessBase"]
[SourceDate "2012.11.22"]
[SourceVersion "1"]
[SourceVersionDate "2012.11.22"]
[SourceQuality "1"]

1. d4 Nf6 2. Bg5 Ne4 3. Bf4 c5 4. f3 Qa5+ 5. c3 Nf6 6. Nd2 cxd4 7. Nb3 Qf5 8. Bxb8 Rxb8 9. Qxd4 b6 10. e4 Qf4 11. Nh3 Qc7 12. e5 Ng8 13. Rd1 e6 14. Nf2 Ne7 15. Ne4 Nf5 16. Nd6+ Bxd6 17. exd6 Qc6 18. Qd3 0-0 19. Be2 Qa4 20. g4 Nh4 21. Qc2 Bb7 22. 0-0 Qf4 23. Rd4 Qe3+ 24. Rf2 f5 1/2-1/2

[Event "Calvia Amateur op 9th"]
[Site "Calvia"]
[Date "2012.10.07"]
[Round "2"]
[White "Terradas Calafell, Jaume"]
[Black "Schuermans, Robert"]
[Result "0-1"]
[WhiteElo "1733"]
[BlackElo "2175"]
[PlyCount "54"]
[EventDate "2012.10.06"]
[EventType "swiss"]
[EventRounds "9"]
[EventCountry "ESP"]
[SourceTitle "EXT 2013"]
[Source "ChessBase"]
[SourceDate "2012.11.22"]
[SourceVersion "1"]
[SourceVersionDate "2012.11.22"]
[SourceQuality "1"]

1. e4 e5 2. Nf3 Nc6 3. Bb5 f5 4. Nc3 Nd4 5. exf5 Nf6 6. Nxd4 exd4 7. Ne2 Bc5 8. 0-0 c6 9. Bd3 0-0 10. b4 Bb6 11. Bb2 Ng4 12. h3 Ne5 13. Nc1 d5 14. a4 a6 15. c4 dxc4 16. Bb1 Bxf5 17. Ba2 Kh8 18. Qe2 Nd3 19. Nxd3 Bxd3 20. Qg4 Qf6 21. Qg3 Bxf1 22. Rxf1 Qf4 23. Qxf4 Rxf4 24. Bxc4 d3 25. Bxd3 Rd8 26. Bb1 Rxf2 27. Rxf2 Bxf2+ 0-1